| 000 | 00898nam a22002297a 4500 | ||
|---|---|---|---|
| 001 | BINCO | ||
| 003 | CO-MdBIC | ||
| 005 | 20220404165648.0 | ||
| 008 | 220404b 2016 a|||b |||| 00| 0 spa d | ||
| 020 | _a9782352630661 | ||
| 040 |
_a CO-MdBIC _bspa. _cCO-MdBIC _d CO-MdBIC |
||
| 041 | _aspa | ||
| 082 |
_222 _a843 _bM415 |
||
| 100 |
_aMassenot, Véronique, _d1970 |
||
| 245 |
_aUna amistad monstruosa _c/ Véronique, Massenot, escritora _f1970 |
||
| 300 |
_a31 paginas; _bilustraciones a color: _c25 cm. |
||
| 500 | _aÉrase una vez, entre los monstruos del bosque, dos vecinos que no se podían ni ver. ¿Por qué razón? Nadie lo sabía. Los monstruos del bosque son así: unas veces no se quieren... otras veces si. | ||
| 650 | 7 |
_9100 _aEducación infantil _vliteratura infantil |
|
| 700 |
_a Pascal Vilcollet, _d1979- _eilustrador |
||
| 700 |
_aErnesto Camacho O, _etraductor |
||
| 942 | _cBK | ||
| 999 |
_c67656 _d67656 |
||